EPIC: The Musical Sagas by Cast - Statistics

General Stats
  • This quiz has been taken 49 times
  • The average score is 5 of 9
Answer Stats
Hint Answer % Correct
Jorge Rivera-Herrans, Armando Julian, Talya Sindel, TROY, Cast of EPIC: The Musical Circe
79%
Jorge Rivera-Herrans, Steven Dookie, Wanda Herrans, Mason Olshavsky, Cast of EPIC: The Musical Underworld
69%
Jorge Rivera-Herrans, Miguel Veloso, Ayron Alexander, Teagan Earley, Kira Stone, Steven Rodriguez, Talya Sindel, Mason Olshavsky, KJ Burkhauser, Armando Julian, Barbara Wangui, Steven Dookie, Wanda Herrans, Luke Holt, Brandon McInnis, Mike Rivera, Janani K. Jha, Earle Gresham Jr., POESY, Cast of EPIC: The Musical Wisdom
62%
Jorge Rivera-Herrans, Anna Lea, KJ Burkhauser, Armando Julian, Ayron Alexander, Luke Holt, Cast of EPIC: The Musical Thunder
55%
Jorge Rivera-Herrans, Luke Holt, Armando Julian, Steven Dookie, Teagan Earley, Cast of EPIC: The Musical Troy
55%
Jorge Rivera-Herrans, Anna Lea, Ayron Alexander, Dennis Diaz, Jamie Wiltshire, Tristan Caldwell, Miguel Veloso, Teagan Earley, Cast of EPIC: The Musical Ithaca
52%
Jorge Rivera-Herrans, Steven Dookie, Armando Julian, Teagan Earley, Cast of EPIC: The Musical Cyclops
48%
Jorge Rivera-Herrans, Barbara Wangui, TROY, Diana Rivera-Herrans, Steven Rodriguez, Cast of EPIC: The Musical Vengeance
45%
Jorge Rivera-Herrans, Armando Julian, Ayron Alexander, Luke Holt, Kira Stone, Anna Lea, Miguel Veloso, Steven Rodriguez, Cast of EPIC: The Musical Ocean
41%
No matching quizzes found
Score Distribution
Percent of People with Each Score
Percentile by Number Answered
Your Score History
You have not taken this quiz